Welche Länder grenzen an Russland - Statistiken

Allgemein
  • Dieses Quiz wurde 208 mal gespielt
    182 seit der letzten Aktualisierung
  • Das Durchschnittsergebnis liegt bei 12 aus 14
Antwortstatistiken
Länge Land % Korrekt
4'179 km China
99%
1'944 km Ukraine
99%
1'312 km Belarus
95%
324 km Estland
95%
7'644 km Kasachstan
94%
332 km Lettland
94%
3'425 km Mongolei
94%
1'309 km Finnland
93%
216 km Litauen
92%
209 km Polen
84%
19 km Nordkorea
82%
723 km Georgien
78%
338 km Aserbaidschan
75%
191 km Norwegen
71%
Keine übereinstimmenden Quizze gefunden
Verteilung der Resultate
Anzahl Personen mit jedem Resultat
Perzentil nach korrekt beantworteten Fragen
Ihre Resultats-Entwicklung
Sie haben dieses Quiz seit der letzten Aktualisierung nicht gespielt